|
|
|
|
| LEADER |
00000nab a2200000 a 4500 |
| 001 |
vtls001030960 |
| 003 |
SK-MaSNL |
| 005 |
20260303192226.0 |
| 008 |
040720e20020725xo 0 slo |
| 035 |
|
|
|a SL9514
|
| 040 |
|
|
|a SLLK
|b slo
|c SLLK
|e AACR2
|
| 041 |
0 |
|
|a slo
|
| 044 |
|
|
|a xo
|c SK
|
| 080 |
|
|
|a 353
|2 1981
|
| 100 |
1 |
|
|a Dobák, Ján
|4 aut
|9 11417
|
| 245 |
1 |
0 |
|a Personalistika na princípe odbornosti
|b Prešovský samosprávny kraj už má svoj erb
|
| 610 |
1 |
7 |
|a Prešovský samosprávny kraj (Slovensko)
|2 SLLK
|9 306008
|
| 650 |
0 |
7 |
|a samospráva verejná
|2 SLLK
|9 872718
|
| 650 |
0 |
7 |
|a celky vyššie územné
|2 SLLK
|9 1022198
|
| 650 |
0 |
7 |
|a zasadnutia
|2 SLLK
|9 372516
|
| 650 |
0 |
7 |
|a otázky personálne
|2 SLLK
|9 1016464
|
| 650 |
0 |
7 |
|a symboly
|2 SLLK
|9 27266
|
| 651 |
|
7 |
|a KPO,PO,
|2 SLLK
|9 1222508
|
| 655 |
|
7 |
|a periodikum
|2 snkbucl
|9 29553
|
| 710 |
2 |
|
|a Prešovský samosprávny kraj (Slovensko).
|b Úrad
|4 aut
|9 158655
|
| 773 |
0 |
8 |
|t Ľubovnianske noviny
|g Roč. 28, č.30, 25.7.2002, s. 1
|
| 852 |
|
|
|a ZVYKNI
|b KIS3GCP
|
| 999 |
|
|
|c 2145014
|d 2146944
|